Le patrimoine culturel immatériel de l'humanité en France - Statistiques

Statistiques générales
  • Ce quiz a été pris 32 fois
  • Le résultat moyen est 8 sur 24
Statistiques - réponses
Par images Hint Réponse % Correct
A L'{alpinisme}
77%
E L'{équitation} de tradition française
77%
F La {fauconnerie}, un patrimoine humain vivant
73%
B Les savoir-faire artisanaux et la culture de la {baguette} de pain
63%
G Le repas {gastronomique} des Français
50%
H Les savoir-faire en mécanique {horlogère} et mécanique d'art
50%
T La {Transhumance}, déplacement saisonnier de troupeaux
40%
F Le {fest-noz}, rassemblement festif basé sur la pratique collective des danses traditionnelles de Bretagne
40%
G Les savoir-faire liés au parfum en Pays de {Grasse} : la culture de la plante à parfum, la connaissance des matières premières naturelles et leur transformation, l'art de composer le parfum
40%
G {Géants} et dragons processionnels de Belgique et de France
37%
C La tradition du tracé dans la {charpente} française
33%
V Connaissances, techniques et savoir-faire du {verre} artisanal
30%
O Les fêtes de l'{ours} dans les Pyrénées
30%
S Les fêtes du feu du {solstice} d'été dans les Pyrénées
27%
A Le savoir-faire de la dentelle au point d'{Alençon}
23%
P L'art de la {perle} de verre
20%
A La tapisserie d'{Aubusson}
20%
S L'art musical des {sonneurs} de trompe, une technique instrumentale liée au chant, à la maîtrise du souffle, au vibrato, à la résonance des lieux et à la convivialité
17%
C Le {compagnonnage}, réseau de transmission des savoirs et des identités par le métier
17%
S L'art de la construction en pierre {sèche} : savoir-faire et techniques
13%
G Le carnaval de {Granville}
13%
O Les {ostensions} septennales limousines
7%
G Le {gwoka} : musique, chants, danses et pratique culturelle représentatifs de l'identité guadeloupéenne
3%
M La {Maloya}
0%
Aucun quiz correspondant
Distribution des résultats
% des personnes avec chaque résultat
Percentile par nombre de réponses
Votre historique - résultats
Vous n’avez pas pris ce quiz